000 00304 a2200145 4500
001 194889
040 _cMagnum
100 _aRUIZ, Tulipa
240 1 0 _aA menina das estrelas
_lpor
245 1 0 _aA menina das estrelas
300 _a22
362 0 _a2017
697 _aLITERATURA INFANTIL
942 _cBK
999 _c194889
_d194889